| 000 | 00728nam a2200253Ia 4500 | ||
|---|---|---|---|
| 003 | OSt | ||
| 005 | 20220918214402.0 | ||
| 006 | a|||||r|||| 00| 0 | ||
| 007 | ta | ||
| 008 | 220917b |||||||| |||| 00| 0 eng d | ||
| 024 | _a137,205 | ||
| 037 | _cTextual | ||
| 040 |
_aARTS _cARTS _beng |
||
| 041 |
_2eng _aeng |
||
| 082 | _aY:33,7.4, M8(SD) | ||
| 100 |
_aSinha Durga Nand Ed _9131126 |
||
| 245 | 0 |
_aSocial values and development _b Asian perspective |
|
| 260 |
_aNew Delhi _bSage Publications _c1988 |
||
| 300 |
_a336p. _ccm. |
||
| 650 | _aSOCIOLOGY | ||
| 700 |
_a Kao Henry S R Ed _925173 |
||
| 942 |
_hY:33,7.4, M8(SD) _cTEXL _2CC |
||
| 999 |
_c260291 _d260291 |
||